| 000 | 01538cem a2200433 i 4500 | ||
|---|---|---|---|
| 999 |
_c25556 _d25556 |
||
| 001 | 16899311 | ||
| 003 | BDDh-ASL | ||
| 005 | 20231015030509.0 | ||
| 007 | ad|canzn | ||
| 008 | 110802s2008 bg e 0 eng | ||
| 010 | _a 2011324514 | ||
| 025 | _aB-Map-2011-324514 | ||
| 034 | 0 | _aa | |
| 037 | _bLibrary of Congress -- New Delhi Overseas Office | ||
| 040 |
_aDLC _beng _cDLC _erda _dBDDh-ASL |
||
| 042 | _alcode | ||
| 050 | 0 | 0 |
_aG2276.J15 _bG4 2008 |
| 052 | _a7646 | ||
| 082 | 0 | 0 |
_a363.80954 _222 _bURB |
| 110 | 2 | _aGeographical Solutions Research Center (Bangladesh) | |
| 245 | 1 | 4 |
_aThe urban food security atlas of Bangladesh / _c[editors, Amanat Ullah Khan, Shahnaz Huq-Hussain]. |
| 255 | _aScales differ. | ||
| 260 |
_aDhaka : _bGeographical Solutions Research Center : _bUnited Nations, World Food Programme, _c2008. |
||
| 300 |
_a1 atlas (137 pages) : _bcolor illustrations, color maps ; _c45 cm |
||
| 336 |
_acartographic image _2rdacontent |
||
| 337 |
_aunmediated _2rdamedia |
||
| 338 |
_avolume _2rdacarrier |
||
| 500 | _aTitle from cover. | ||
| 500 | _a"Department for International Development." | ||
| 504 | _aIncludes bibliographical references (page 137). | ||
| 650 | 0 |
_aFood supply _zBangladesh _vMaps. |
|
| 655 | 7 |
_aAtlases. _2lcgft |
|
| 700 | 1 | _aKhan, Amanat Ullah. | |
| 700 | 1 | _aHuq-Hussain, Shahnaz. | |
| 710 | 2 | _aWorld Food Programme, Bangladesh. | |
| 906 |
_a7 _bcbc _corigode _du _encip _f20 _gy-geogmaps |
||
| 942 |
_2ddc _cBK |
||